Gaming Quiz

Random Gaming or Video Games Quiz
Score 0/94 Timer 14:00
4 Plays Today
First Letter Pokémon % Correct
CCharmander, Charmeleon, Charizard
89.8%
GGeodude, Graveler, Golem
60.5%
PPidgey, Pidgeotto, Pidgeot
60.2%
EElekid, Electabuzz, Electivire
59.3%
MMagby, Magmar, Magmortar
58.9%
NNidoran♂, Nidorino, Nidoking
57.1%
NNidoran♀, Nidorina, Nidoqueen
56.9%
DDratini, Dragonair, Dragonite
56.6%
PPoliwag, Poliwhirl, Poliwrath
55.9%
DDiglett, Dugtrio
55.7%
PPoliwag, Poliwhirl, Politoed
55.3%
OOmanyte, Omastar
54.6%
MMagnemite, Magneton, Magnezone
53.6%
KKabuto, Kabutops
53%
MMachop, Machoke, Machamp
52.8%
CCleffa, Clefairy, Clefable
52.1%
DDoduo, Dodrio
51.4%
RRattata, Raticate
51%
RRhyhorn, Rhydon, Rhyperior
50.2%
SStaryu, Starmie
48.2%
KKrabby, Kingler
47.2%
EEevee, Espeon
47%
VVenonat, Venomoth
46.9%
PPorygon, Porygon2, Porygon-Z
46.2%
SSandshrew, Sandslash
46%
SSlowpoke, Slowbro
46%
SScyther, Scizor
45.1%
TTangela, Tangrowth
44.2%
PParas, Parasect
44.2%
YYanma, Yanmega
43.9%
EExeggcute, Exeggutor
43.7%
CCorsola, Cursola
43%
First Letter Pokémon % Correct
SSlowpoke, Slowking
42.2%
TTentacool, Tentacruel
42%
AAipom, Ambipom
40.4%
MMime Jr., Mr. Mime, Mr. Rime
40%
LLickitung, Lickilicky
39.8%
TTogepi, Togetic, Togekiss
38.5%
WWynaut, Wobbuffet
36%
WWailmer, Wailord
35.1%
SStarly, Staravia, Staraptor
34.1%
SSnivy, Servine, Serperior
33.3%
AAnorith, Armaldo
32.9%
HHoundour, Houndoom
32.3%
GGible, Gabite, Garchomp
32.3%
BBidoof, Bibarel
31.5%
DDuskull, Dusclops, Dusknoir
31.3%
ZZorua, Zoroark
31.3%
MMisdreavus, Mismagius
31.2%
GGligar, Gliscor
30.7%
DDreepy, Drakloak, Dragapult
30.4%
HHatenna, Hattrem, Hatterene
30.3%
AAmaura, Aurorus
29.8%
LLotad, Lombre, Ludicolo
29.5%
KKlink, Klang, Klinklang
28.9%
MMantyke, Mantine
28.4%
LLedyba, Ledian
28.1%
TTyrunt, Tyrantrum
27.6%
AArchen, Archeops
27.6%
CCacnea, Cacturne
26.8%
CCorphish, Crawdaunt
26.5%
SSalandit, Salazzle
26.1%
VVanillite, Vanillish, Vanilluxe
26%
AApplin, Appletun
25.9%
First Letter Pokémon % Correct
CChingling, Chimecho
25.7%
SSilicobra, Sandaconda
24.4%
MMudbray, Mudsdale
24.3%
FFlabébé, Floette, Florges
24.1%
NNoibat, Noivern
24.1%
CCrabrawler, Crabominable
24%
MMeditite, Medicham
23.8%
NNincada, Ninjask
23.7%
BBronzor, Bronzong
23.7%
DDarumaka, Darmanitan
23.5%
SSunkern, Sunflora
23.5%
TToxel, Toxtricity
23.4%
KKricketot, Kricketune
23.3%
PPancham, Pangoro
23.2%
GGothita, Gothorita, Gothitelle
23%
BBinacle, Barbaracle
22.4%
GGolett, Golurk
22.2%
DDrifloon, Drifblim
22.1%
CCufant, Copperajah
22%
HHippopotas, Hippowdon
22%
HHelioptile, Heliolisk
22%
MMeltan, Melmetal
21.9%
CCherubi, Cherrim
21%
CClauncher, Clawitzer
20.7%
SStunky, Skuntank
20.7%
MMunna, Musharna
20.6%
FFerroseed, Ferrothorn
20%
SSwirlix, Slurpuff
19.3%
SScraggy, Scrafty
18.5%
MMienfoo, Mienshao
18%
Remove Ads.
Support Sporcle.
Get the best of Sporcle when you Go Orange. This ad-free experience offers more features, more stats, and more fun while also helping to support Sporcle. Thank you for becoming a member.

You're not logged in!

Compare scores with friends on all Sporcle quizzes.
OR
Log In

Show Comments

Extras

Top Quizzes Today


Score Distribution

Your Account Isn't Verified!

In order to create a playlist on Sporcle, you need to verify the email address you used during registration. Go to your Sporcle Settings to finish the process.

Report this User

Report this user for behavior that violates our Community Guidelines.

Details: